[Event "Nuremberg Zabo op 17th"]
[Site "Nuremberg"]
[Date "2015.09.21"]
[Round "1"]
[White "Awiszus, Thomas"]
[Black "Sippl, Martin"]
[Result "0-1"]
[WhiteElo "1514"]
[BlackElo "1991"]
[PlyCount "47"]
[EventDate "2015.09.21"]
[EventType "swiss"]
[EventRounds "5"]
[EventCountry "GER"]
[SourceTitle "EXT 2018"]
[Source "ChessBase"]
[SourceDate "2017.10.13"]
[SourceVersion "1"]
[SourceVersionDate "2017.10.13"]
[SourceQuality "1"]

1. d4 Nf6 2. c4 d6 3. Nc3 Nbd7 4. g3 e5 5. e3 Be7 6. Bg2 c6 7. Nge2 Qc7 8. 0-0 h5 9. h4 Nf8 10. Ne4 Nxe4 11. Bxe4 g5 12. hxg5 Bxg5 13. f4 Be7 14. f5 Nh7 15. Bg2 Nf6 16. Nc3 Bd7 17. b4 Rg8 18. Qe1 Rg7 19. d5 h4 20. Rf3 e4 21. Rf4 Rxg3 22. Kh2 0-0-0 23. Nxe4 Nxe4 24. Rxe4 0-1

[Event "Stuttgart-chB int"]
[Site "Ditzingen"]
[Date "2012.05.19"]
[Round "5"]
[White "Ruff, Robert"]
[Black "Awiszus, Thomas"]
[Result "1-0"]
[WhiteElo "1799"]
[BlackElo "1610"]
[PlyCount "43"]
[EventDate "2012.05.17"]
[EventType "swiss"]
[EventRounds "7"]
[EventCountry "GER"]
[SourceTitle "EXT 2018"]
[Source "ChessBase"]
[SourceDate "2017.10.13"]
[SourceVersion "1"]
[SourceVersionDate "2017.10.13"]
[SourceQuality "1"]

1. d4 Nf6 2. c4 e6 3. Nc3 Bb4 4. Qc2 c5 5. e3 Nc6 6. Nf3 0-0 7. Bd3 d5 8. cxd5 exd5 9. a3 Bxc3+ 10. bxc3 Re8 11. 0-0 c4 12. Be2 Ne4 13. Nd2 f5 14. f3 Nf6 15. e4 fxe4 16. fxe4 Nxe4 17. Nxe4 Rxe4 18. Bxc4 Re6 19. Bd3 h6 20. a4 Bd7 21. Ba3 Rc8 22. Rf8+ 1-0

[Event "Stuttgart-chB int"]
[Site "Ditzingen"]
[Date "2012.05.18"]
[Round "4"]
[White "Awiszus, Thomas"]
[Black "Weisensel, Wolfgang"]
[Result "1-0"]
[WhiteElo "1610"]
[BlackElo "1685"]
[PlyCount "63"]
[EventDate "2012.05.17"]
[EventType "swiss"]
[EventRounds "7"]
[EventCountry "GER"]
[SourceTitle "EXT 2018"]
[Source "ChessBase"]
[SourceDate "2017.10.13"]
[SourceVersion "1"]
[SourceVersionDate "2017.10.13"]
[SourceQuality "1"]

1. Nf3 d5 2. g3 Nf6 3. d4 e6 4. Bg2 Nbd7 5. 0-0 Bd6 6. Nbd2 0-0 7. c4 c6 8. Qc2 Re8 9. e4 dxe4 10. Nxe4 Nxe4 11. Qxe4 Nf6 12. Qc2 h6 13. b3 Bd7 14. Bb2 Be7 15. Rad1 Rc8 16. Ne5 Qc7 17. Qd2 Rcd8 18. Qe3 b6 19. Qf3 Rc8 20. Bc1 Rf8 21. Bf4 Qd8 22. Rd3 Qe8 23. Rfd1 g5 24. Bc1 Rc7 25. h4 Nh7 26. hxg5 hxg5 27. Qh5 f5 28. Qh2 Bf6 29. g4 Bc8 30. Rh3 Bb7 31. Nxc6 Bxc6 32. Qxc7 1-0

[Event "Stuttgart-chB int"]
[Site "Gerlingen"]
[Date "2011.06.03"]
[Round "3"]
[White "Pelezki, Jurij"]
[Black "Awiszus, Thomas"]
[Result "1-0"]
[WhiteElo "1822"]
[BlackElo "1613"]
[PlyCount "45"]
[EventDate "2011.06.02"]
[EventType "swiss"]
[EventRounds "7"]
[EventCountry "GER"]
[SourceTitle "EXT 2018"]
[Source "ChessBase"]
[SourceDate "2017.10.13"]
[SourceVersion "1"]
[SourceVersionDate "2017.10.13"]
[SourceQuality "1"]

1. c4 Nf6 2. d4 e6 3. Nf3 d5 4. c5 Nc6 5. Nc3 b6 6. b4 Qd7 7. b5 Ne7 8. c6 Qd6 9. Bb2 g6 10. Qc2 Bg7 11. g3 0-0 12. Bg2 Re8 13. Ne5 Nf5 14. e3 h6 15. 0-0 Nh7 16. Ne2 f6 17. Nxg6 e5 18. h4 Ne7 19. f3 Nf8 20. Nxf8 Rxf8 21. Rad1 Nf5 22. Qd3 Be6 23. Ba3 1-0

[Event "Stuttgart-chB int"]
[Site "Gerlingen"]
[Date "2011.06.02"]
[Round "1"]
[White "Awiszus, Thomas"]
[Black "Pocrnic, Josip"]
[Result "1/2-1/2"]
[WhiteElo "1613"]
[BlackElo "1824"]
[PlyCount "75"]
[EventDate "2011.06.02"]
[EventType "swiss"]
[EventRounds "7"]
[EventCountry "GER"]
[SourceTitle "EXT 2018"]
[Source "ChessBase"]
[SourceDate "2017.10.13"]
[SourceVersion "1"]
[SourceVersionDate "2017.10.13"]
[SourceQuality "1"]

1. Nf3 Nf6 2. c4 e6 3. g3 g6 4. Bg2 Bg7 5. 0-0 d5 6. cxd5 Nxd5 7. Nc3 0-0 8. e4 Nb6 9. d4 Nc6 10. Bg5 Qd7 11. Ne2 h6 12. Be3 Nc4 13. Rb1 Nd6 14. Ne1 Rb8 15. d5 exd5 16. exd5 Ne5 17. Qc1 Kh7 18. Nc3 b6 19. Nf3 Nxf3+ 20. Bxf3 Ba6 21. Rd1 Qf5 22. Bg2 Bd3 23. Ra1 Rbc8 24. g4 Qxg4 25. Rxd3 Nf5 26. Bd2 Be5 27. Ne4 Nh4 28. Rg3 Qf5 29. Re3 Nxg2 30. Kxg2 Rfe8 31. Ng3 Bxg3 32. hxg3 Qxd5+ 33. Kg1 c5 34. Rxe8 Rxe8 35. Bxh6 Re5 36. g4 g5 37. Bf8 Kg8 38. Bxc5 1/2-1/2

[Event "Stuttgart-chB int"]
[Site "Gerlingen"]
[Date "2011.06.02"]
[Round "2"]
[White "Michna, Marcus"]
[Black "Awiszus, Thomas"]
[Result "1-0"]
[WhiteElo "1869"]
[BlackElo "1613"]
[PlyCount "63"]
[EventDate "2011.06.02"]
[EventType "swiss"]
[EventRounds "7"]
[EventCountry "GER"]
[SourceTitle "EXT 2018"]
[Source "ChessBase"]
[SourceDate "2017.10.13"]
[SourceVersion "1"]
[SourceVersionDate "2017.10.13"]
[SourceQuality "1"]

1. d4 Nf6 2. c4 e6 3. Nc3 Bb4 4. f3 d5 5. a3 Bxc3+ 6. bxc3 c5 7. e3 0-0 8. Qd2 Qc7 9. cxd5 exd5 10. Bd3 Re8 11. Ne2 Nc6 12. 0-0 Bd7 13. Ng3 Na5 14. Qd1 b5 15. e4 Bc6 16. e5 Nd7 17. f4 Nc4 18. Qh5 Nf8 19. f5 g6 20. fxg6 fxg6 21. Qg5 Qg7 22. Rf6 Bd7 23. Qh4 cxd4 24. cxd4 Re6 25. Bh6 Qh8 26. Raf1 Rxf6 27. Rxf6 Re8 28. Rxf8+ Rxf8 29. Bxf8 Kxf8 30. Qd8+ Be8 31. Qxd5 Qg7 32. Bxc4 1-0

[Event "Stuttgart-chB int"]
[Site "Ditzingen"]
[Date "2008.05.01"]
[Round "1"]
[White "Awiszus, Thomas"]
[Black "Stadler, Marcus"]
[Result "0-1"]
[WhiteElo "1475"]
[BlackElo "1707"]
[PlyCount "106"]
[EventDate "2008.05.01"]
[EventType "swiss"]
[EventRounds "7"]
[EventCountry "GER"]
[SourceTitle "EXT 2018"]
[Source "ChessBase"]
[SourceDate "2017.10.13"]
[SourceVersion "1"]
[SourceVersionDate "2017.10.13"]
[SourceQuality "1"]

1. Nf3 Nf6 2. c4 g6 3. Nc3 d5 4. d4 Bg7 5. cxd5 Nxd5 6. e4 Nxc3 7. bxc3 c5 8. Be3 Nc6 9. Qd2 0-0 10. h3 Qa5 11. Rc1 Rd8 12. Rc2 b6 13. Be2 Ba6 14. d5 e6 15. c4 Nb4 16. Rc1 Qxa2 17. 0-0 exd5 18. exd5 Qxd2 19. Bxd2 Nxd5 20. Ra1 Bxa1 21. Rxa1 Bb7 22. cxd5 Bxd5 23. Be3 a5 24. Bb5 Rdc8 25. Ne5 f6 26. Nc4 Bxc4 27. Bxc4+ Kg7 28. Rb1 Rab8 29. Bf4 f5 30. Bxb8 Rxb8 31. f4 Kf8 32. Bb5 Ke7 33. Rd1 Rd8 34. Rxd8 Kxd8 35. Kf2 Ke7 36. g4 fxg4 37. hxg4 Kd6 38. Ke3 Kd5 39. Kd3 h5 40. g5 h4 41. Be8 h3 42. Bxg6 c4+ 43. Ke3 a4 44. Be4+ Ke6 45. f5+ Ke5 46. g6 Kf6 47. Kd4 a3 48. Kc3 b5 49. Kc2 h2 50. Kb1 c3 51. Bd5 b4 52. Bh1 b3 53. Be4 c2+ 0-1